00797 a2200181 45000010006000000050017000060080041000230030015000640400040000790800031001192450035001500200018001852640032002033000025002355050319002600410008005791000028005875454920260407155819.0260407a1985 arg spa dAR-UNSa-BCEJYS aAR-UNSa-BCEJYSbspacAR-UNSa-BCEJYS a330xEconomía en general10aEconomía para no economistas a950-0109-29-0 1aBuenos Aires :bTesisc1985 axxii, 298 p.c20 cm. a1. Procesos económicos: generalidades – 2. Dinero, precios e interés – 3. Nomenclatura del macroanálisis – 4. Nomeclanclatura del microanálisis – 5. Terminología esotérica – 6. Procesos económicos atípicos – 7. La economía como ciencia: primeros pasos – 8. Keynesianismo monetarismo aspa1 aFernandez Pol, Jorge E.